La dinámica del violinista

Uloženo v:
Podrobná bibliografie
Hlavní autor: Ramos Mejía, Carlos María (Autor)
Médium: Kniha
Jazyk:španělština
Vydáno: Buenos Aires Ricordi Americana 1947
Témata:
Tagy: Přidat tag
Žádné tagy, Buďte první, kdo vytvoří štítek k tomuto záznamu!

MARC

LEADER 00000nam a2200000 a 4500
001 UCN2727
003 CL-VaPUC
008 010531e19470000AG |||||||||||||||||spa|d
082 0 4 |a 787.2193  |b RAM  |2 21 
100 0 |a Ramos Mejía, Carlos María  |e author  |9 458872 
245 1 3 |a La dinámica del violinista 
300 |a 294 p 
942 |c BK 
945 |d 20010531 00:00:00  |a crobeson 
260 |a Buenos Aires  |b Ricordi Americana  |c 1947 
650 0 |a Violín  |9 390065 
650 7 |a TECNICAS DE EJECUCION INSTRUMENTAL  |2 CL-VaPUC  |9 458873 
650 0 |a Técnicas musicales  |9 350488 
650 0 |a Instrumentos musicales  |9 306600 
583 |a last modification  |c 20010531 00:00:00  |k Rodrigo Vera 
999 |c 295782  |d 295780 
952 |0 0  |1 0  |4 0  |6 787_219300000000000_RAM_1947  |7 0  |8 A  |9 349128  |a BIBEDU  |b BIBEDU  |d 2019-11-20  |i 1185853  |o 787.2193 RAM 1947  |p 1185853  |r 2023-01-12  |w 2019-11-20  |y BK  |k MUS 
952 |0 0  |1 0  |4 0  |6 787_219300000000000_RAM_1947  |7 0  |8 R  |9 349129  |a BIBEDU  |b BIBEDU  |d 2019-11-20  |i 1185861  |o 787.2193 RAM 1947  |p 1185861  |r 2025-04-07  |w 2019-11-20  |y BK_R  |k MUS